00687 a2200169 4500003000500000005001700005020001200022040000900034082001200043100001100055245003500066250003900101260003200140300001500172505031700187650001300504Nust20240130124600.0 a6466016 cNust a530,REI aF.Reif aStatistical physics / cF.Reif aVolume - 5bBerkeley Phsics Course aNew YorkbMcGraw Hillc1964 axxi, 398p. aCharacteristic Features of Macroscopic Systems (Page-1), Basic Probability Concepts (Page-55), Statistical Description of Systems of Practices (Page-99), Thermal Interaction (Page-141), Microscopic Theory and Macroscopic Measurements (Page-191), Canonical Distribution in the Classical Approximation (Page-223). aVol : 5